Normal view MARC view
  • Emil Maria Claassen

Entry Personal Name

Number of records used in: 4

001 - CONTROL NUMBER

  • control field: 9393

003 - CONTROL NUMBER IDENTIFIER

  • control field: NUST

005 - DATE AND TIME OF LATEST TRANSACTION

  • control field: 20180121180430.0

008 - FIXED-LENGTH DATA ELEMENTS

  • fixed length control field: 180121|| aca||aabn | a|a d

040 ## - CATALOGING SOURCE

  • Original cataloging agency: NUST
  • Transcribing agency: NUST

100 ## - HEADING--PERSONAL NAME

  • Personal name: Emil Maria Claassen

670 ## - SOURCE DATA FOUND

  • Source citation: Work cat.: (NUST)320990: Emil Maria Claassen, Exchange rate policies in developing and post-socialist countries, 1991
© 2023 Central Library, National University of Sciences and Technology. All Rights Reserved.